Normal view
MARC view
- Finance.
Entry Topical Term
001 - CONTROL NUMBER
- control field: 45604
003 - CONTROL NUMBER IDENTIFIER
- control field: OSt
005 - DATE AND TIME OF LATEST TRANSACTION
- control field: 20220610094652.0
008 - FIXED-LENGTH DATA ELEMENTS
- fixed length control field: 220610|| aca||aabn | a|a d
040 ## - CATALOGING SOURCE
- Original cataloging agency: OSt
- Transcribing agency: OSt
150 ## - HEADING--TOPICAL TERM
- Topical term or geographic name entry element: Finance.
670 ## - SOURCE DATA FOUND
- Source citation: Work cat.: (OSt): VanZante, Neal R. 42817, Don't let social security torpedo the Roth IRA conversion decision/, 2011.
